01569nam a2200301 a 450000100060000000300080000600500170001400800410003102000150007203500140008703500170010104000270011804100080014508200250015310000260017824500690020426000500027330000330032350400510035665000460040794200120045399900170046595201610048295201610064395201610080495201590096595201430112450762BD-RjUL20211209075548.0160828s2001 enka 001 0 eng d a8173193371 a(BD-RjUL) aBNB2708.3094 aDLCcDLCbengdBD-RjUL aeng0 a519.24223bPAC 20011 aPathak, R. S.915196812aA course in distribution theory and applications /cR.S. Pathak. aCalcatta :bNarosa Publication Hoousecc2001. axi, 146 p. :bill. ;c25 cm. aIncludes bibliographical references and index. 0aDistribution (Probability theory)9138285 2ddccBK c50762d50762 00102ddc40708NFICaRUCLbRUCLcE-Booksd2008-03-04eParagon Enterprise ltd., Dhakag250.00l0o519.24 PAC 2001r2016-08-28 00:00:00tC-2w2016-08-28yBK 00102ddc40708NFICaRUCLbRUCLcE-Booksd2008-03-04eParagon Enterprise ltd., Dhakag250.00l0o519.24 PAC 2001r2016-08-28 00:00:00tC-3w2016-08-28yBK 00102ddc40708NFICaRUCLbRUCLcE-Booksd2008-03-04eParagon Enterprise ltd., Dhakag250.00l0o519.24 PAC 2001r2016-08-28 00:00:00tC-4w2016-08-28yBK 00102ddc40708NFICaRUCLbRUCLcStackd2008-03-04edhaka, paragon Enterprice ltd.g250.00l0o519.24 PAC 2001r2016-11-10 00:00:00tC-5w2016-11-10yBK 00102ddc40718NFICaRUCLbRUCLcReadingd2008-03-04eParagon Ent.g250.00l0o519.24 PAC 2001r2017-04-15 00:00:00tC-1w2017-04-15yBK